| 000 | 00375nam a2200145 4500 | ||
|---|---|---|---|
| 245 |
_aKing Lear _cedited by Kenneth Muir |
||
| 100 | _aShakespeare, William | ||
| 710 | _aMuir, Kenneth | ||
| 250 | _a8th ed. | ||
| 260 |
_aLondon _bMethuen _c1952 |
||
| 300 | _axiv,260p.; 21 cm.-- | ||
| 490 | _aArden Shakespeare | ||
| 500 | _aLibrary has 9th ed.1972. | ||
| 082 |
_a822.33T3 _bSHA |
||
| 999 |
_c11289 _d11289 |
||